000 00666nam a2200277Ia 4500
005 20260324142537.0
008 008 260324s9999 xx 000 0 eng d
020 _a9780203993590
037 _aEBOOK
040 _aCRL
040 _beng
040 _cCRL
041 _2eng
041 _aeng
084 _qCRL
100 _aHeather Goodare; Karol Sikora; Patrice Guex
_91212332
245 3 _aAn Introduction to Psycho-Oncology
260 _bTaylor and Francis
260 _c1994
365 _a
365 _b240
856 _uhttp://www.taylorfrancis.com/books/9780203993590
942 _cEBOOK
999 _c1816648
_d1816648